Homi Jehangir Bhabha / (Record no. 89741)

MARC details
000 -LEADER
fixed length control field 00712nam a22002297a 4500
005 - DATE AND TIME OF LATEST TRANSACTION
control field 20141030164549.0
010 ## - LCCN (DPL NO)
LC control number ENG-111094
020 ## - INTERNATIONAL STANDARD BOOK NUMBER
Terms of availability 170.00
International Standard Book Number 9788123771113
020 ## - INTERNATIONAL STANDARD BOOK NUMBER
Terms of availability 170.00
International Standard Book Number 8123771118
035 ## - SYSTEM CONTROL NUMBER
System control number EN-94626
037 ## - SOURCE OF ACQUISITION
Source of stock number/acquisition DBAD/PUB
082 ## - DEWEY DECIMAL CLASSIFICATION NUMBER
Classification number 921
100 ## - MAIN ENTRY--PERSONAL NAME
Personal name Deshmukh, Chintamani
245 ## - TITLE STATEMENT
Title Homi Jehangir Bhabha /
Statement of responsibility, etc by Chintamani Deshmukh
250 ## - EDITION STATEMENT
Edition statement rev. ed
260 ## - PUBLICATION, DISTRIBUTION, ETC. (IMPRINT)
Place of publication, distribution, etc New Delhi
Name of publisher, distributor, etc National Book Trust
Date of publication, distribution, etc 2014
270 ## - ADDRESS
City New Delhi
Postal code 110070
Address Nehru Bhawan, 5, Institutional Area, Phase-II, Vasant Kunj
300 ## - PHYSICAL DESCRIPTION
Extent xii,138p. :
Dimensions 22cm(pbk)
Other physical details ill.
490 ## - SERIES STATEMENT
Series statement National biography
500 ## - GENERAL NOTE
General note Includes bibliographical references
942 ## - ADDED ENTRY ELEMENTS (KOHA)
Source of classification or shelving scheme Dewey Decimal Classification
Item type English Books
Call number suffix BHA
Classification part 921
Holdings
Withdrawn status Lost status Not for loan Collection code Home library Current library Date acquired Source of acquisition Cost, normal purchase price Full call number Barcode Copy number Cost, replacement price Koha item type
    Not For Loan Non-fiction D.B.Act.Division D.B.Act.Division 30/10/2014 DBAD/PUB 170.00 921 BHA EN-94626 1 170.00 English Books

© Delhi Public Library
Hit Counter
free hit counter